HARDY BOYS (Record no. 33521)

MARC details
000 -LEADER
fixed length control field 00245nam a22001217a 4500
003 - CONTROL NUMBER IDENTIFIER
control field SGT
082 ## - DEWEY DECIMAL CLASSIFICATION NUMBER
Classification number 823
Item number DIX
100 ## - MAIN ENTRY--PERSONAL NAME
Personal name DIXON FRANKLIN W.
245 ## - TITLE STATEMENT
Title HARDY BOYS
260 ## - PUBLICATION, DISTRIBUTION, ETC. (IMPRINT)
Place of publication, distribution, etc NEW YORK
Name of publisher, distributor, etc A.P PUB
Year of Publication 2004
300 ## - PAGE DESCRIPTION
No. of Pages 149
942 ## - ADDED ENTRY ELEMENTS (KOHA)
Source of classification or shelving scheme Dewey Decimal Classification
Koha item type Books
Holdings
Withdrawn status Lost status Source of classification or shelving scheme Damaged status Not for loan Collection code Home library Current library Shelving location Date acquired SGTU Total Checkouts Full call number Accession No. (Barcode) Date last seen Bill Date Koha item type
    Dewey Decimal Classification     MASS COMMUNICATION SGT Science & Social Sciences Library SGT Science & Social Sciences Library Text Book 24/01/2026 SGTU   823 DIX MC1338 24/01/2026 24/01/2026 Books
    Dewey Decimal Classification     MASS COMMUNICATION SGT Science & Social Sciences Library SGT Science & Social Sciences Library Text Book 24/01/2026 SGTU   823 DIX MC1339 24/01/2026 24/01/2026 Books
    Dewey Decimal Classification     MASS COMMUNICATION SGT Science & Social Sciences Library SGT Science & Social Sciences Library Text Book 24/01/2026 SGTU   823 DIX MC1340 24/01/2026 24/01/2026 Books
    Dewey Decimal Classification     MASS COMMUNICATION SGT Science & Social Sciences Library SGT Science & Social Sciences Library Text Book 24/01/2026 SGTU   823 DIX MC1341 24/01/2026 24/01/2026 Books